Úloha ratingových agentúr v podnikovom manažmente rizík (ERM) bakalárska práca

Salvato in:
Dettagli Bibliografici
Autore principale: Bačkovský, Miroslav
Ente Autore: Fakulta hospodárskej informatiky EU. Katedra matematiky a aktuárstva
Altri autori: Krátka, Zuzana, 1968-
Natura: Libro
Lingua:slovacco
Pubblicazione: Bratislava 2018
Tags: Aggiungi Tag
Nessun Tag, puoi essere il primo ad aggiungerne!!

MARC

LEADER 00000nbm a2200000 4500
001 0245429
005 20180925102340.5
041 0 |a slo 
044 |a SK 
245 1 0 |a Úloha ratingových agentúr v podnikovom manažmente rizík (ERM)  |b bakalárska práca  |c Miroslav Bačkovský ; školiteľ: Zuzana Krátka 
264 1 |a Bratislava  |c 2018 
300 |a 57 s. 
100 1 |a Bačkovský, Miroslav 
700 1 |a Krátka, Zuzana, 1968- 
710 2 |a Fakulta hospodárskej informatiky EU. Katedra matematiky a aktuárstva